| 000 | 00472nam a2200181Ia 4500 | ||
|---|---|---|---|
| 008 | 230917s9999||||xx |||||||||||||| ||und|| | ||
| 020 | _cGBP36.99 | ||
| 040 |
_e233654 _aMAIN |
||
| 041 | _aEnglish | ||
| 082 | _a338.4791 S25C(3) | ||
| 100 | _aHorner, Susan | ||
| 245 | 0 | _aConsumer Behaviour in Tourism | |
| 250 | _a3rd ed. | ||
| 260 |
_aNew York _bRoutledge _c2016 |
||
| 300 | _a446 p. | ||
| 500 | _a2345 29/07/2016 APD16/1037521 08/08/2016 Main Budget | ||
| 942 | _cBK | ||
| 999 |
_c18808 _d18808 |
||